00657nam a2200205Ia 4500008004100000040001400041082002300055100001100078245005700089260003400146300001700180365002800197366000800225505002200233530003000255620003700285630005700322650001500379730005700394100315s9999 xx 000 0 und d cENGLISH  b8138 a332.1753  aNabhi  aHow to Borrow from financial and Banking Institution aNEW DELHI bNabhi  c1992  a"xxv,510  " eRupees d1 b220.00  f0  gVaibhav Gaikwad  bDonated By RBI Library   a"Banking, Economic, Financing " aHow to Borrow from financial and Banking Institution aECONOMIC  aHow to Borrow from financial and Banking Institution